| Tag |
First Indicator |
Second Indicator |
Subfields |
| LEADER |
00000cam a2200000 a 4500 |
| 001 |
in00000014768 |
| 005 |
20151007052901.0 |
| 007 |
he amb||||||| |
| 008 |
880603r19771976miu bb 00010 eng d |
| 035 |
|
|
|a (OCoLC)18034497
|
| 035 |
|
|
|9 AAA9566AM
|
| 040 |
|
|
|a TXA
|c TXA
|d UtOrBLW
|
| 043 |
|
|
|a f-cg---
|
| 049 |
|
|
|a TXAI
|
| 099 |
|
|
|a fiche
|a C
|a 6821
|
| 100 |
1 |
|
|a Gould, Terri F.
|
| 245 |
1 |
4 |
|a The educated woman in a developing country :
|b professional Zairian women in Lubumbashi /
|c by Terri F. Gould.
|
| 264 |
|
1 |
|a [Place of publication not identified] :
|b [publisher not identified] ;
|c 1976.
|
| 300 |
|
|
|a 312 leaves.
|
| 336 |
|
|
|a text
|b txt
|2 rdacontent
|
| 337 |
|
|
|a microform
|b h
|2 rdamedia
|
| 338 |
|
|
|a microfiche
|b he
|2 rdacarrier
|
| 502 |
|
|
|b Ph. D.
|c Union Graduate School
|d 1976.
|
| 504 |
|
|
|a Bibliography: leaves [294]-312.
|
| 533 |
|
|
|a Microfiche.
|b Ann Arbor, Mich. :
|c Xerox University Microfilms,
|d 1977.
|e 4 microfiches ; 11 x 15 cm.
|
| 500 |
|
|
|a Microform.
|
| 650 |
|
0 |
|a Women in the professions
|z Congo (Democratic Republic)
|x Psychology.
|
| 650 |
|
0 |
|a Women
|z Congo (Democratic Republic)
|x Social conditions.
|
| 999 |
|
|
|a MARS
|
| 999 |
f |
f |
|s 4c58bf3f-25f8-38e2-9bdd-9ece8e6653a4
|i 1878e8e0-4f42-3707-b53a-5bd3fc8a7d9c
|t 0
|
| 952 |
f |
f |
|p normal
|a Texas A&M University
|b College Station
|c Sterling C. Evans Library
|d Evans: Microforms (3rd floor)
|t 0
|e fiche C 6821
|h Other scheme
|i microform -- microfiche
|m A14823020050
|
| 998 |
f |
f |
|a fiche C 6821
|t 0
|l Evans: Microforms (3rd floor)
|